000
00469nam a2200169Ia 4500
008
090711s9999 xx 000 0 und d
082
_b
28837
100
_a
कालेलकर मधुसूदन
245
_a
शिकार
260
_c
1974
300
_a
66
600
_a
कालेलकर मधुसूदन
630
_a
शिकार
700
_a
कालेलकर मधुसूदन
730
_a
शिकार
942
_c
BOOK
999
_c
305953
_d
305953